Classic Ruskin Bond Vol 2: (Record no. 83786)
[ view plain ]
| 000 -LEADER | |
|---|---|
| fixed length control field | 00965nam a22002417a 4500 |
| 005 - DATE AND TIME OF LATEST TRANSACTION | |
| control field | 20180226113923.0 |
| 010 ## - LCCN (DPL NO) | |
| LC control number | B-529168-174 B-663789 |
| 020 ## - INTERNATIONAL STANDARD BOOK NUMBER | |
| International Standard Book Number | 9780143419075 (V.2) |
| Terms of availability | 499.00 |
| 020 ## - INTERNATIONAL STANDARD BOOK NUMBER | |
| International Standard Book Number | 9780143419075 (V.2) |
| Terms of availability | 599.00 (AV) |
| 035 ## - SYSTEM CONTROL NUMBER | |
| System control number | B-529168-174 |
| 035 ## - SYSTEM CONTROL NUMBER | |
| System control number | B-663789 |
| 037 ## - SOURCE OF ACQUISITION | |
| Stock number | dpl |
| Source of stock number/acquisition | UBH/Ven |
| 037 ## - SOURCE OF ACQUISITION | |
| Stock number | dpl |
| Source of stock number/acquisition | Bookwell/Ven |
| 082 ## - DEWEY DECIMAL CLASSIFICATION NUMBER | |
| Classification number | 883.092 |
| 245 ## - TITLE STATEMENT | |
| Title | Classic Ruskin Bond Vol 2: |
| Remainder of title | the memoirs complete and unabridged/ |
| 260 ## - PUBLICATION, DISTRIBUTION, ETC. (IMPRINT) | |
| Place of publication, distribution, etc | New Delhi |
| Name of publisher, distributor, etc | Penguin Books |
| Date of publication, distribution, etc | 2012 |
| 270 ## - ADDRESS | |
| Address | 11 Community Centre, Panchsheel Park |
| City | New Delhi |
| Postal code | 110017 |
| 300 ## - PHYSICAL DESCRIPTION | |
| Extent | v.2 (766p.) |
| Dimensions | 21cm(pbk) |
| 520 ## - SUMMARY, ETC. | |
| Summary, etc | 13-14EN |
| 942 ## - ADDED ENTRY ELEMENTS (KOHA) | |
| Source of classification or shelving scheme | Dewey Decimal Classification |
| Item type | English Books |
| Classification part | 883.092 |
| Call number suffix | CLA |
| Withdrawn status | Lost status | Materials specified (bound volume or other part) | Not for loan | Collection code | Home library | Current library | Date acquired | Source of acquisition | Cost, normal purchase price | Full call number | Barcode | Copy number | Cost, replacement price | Koha item type | Public note |
|---|---|---|---|---|---|---|---|---|---|---|---|---|---|---|---|
| V.2 | Non-fiction | Ashok Vihar | Ashok Vihar | 26/02/2018 | Bookwell/BL1033/25.02.17/361/15.02.17/01.03.2017 | 599.00 | 883.092 CLA | B-663789 | 1 | 599.00 | English Books | ||||
| V.2 | Non-fiction | Central Jail Tihar | Central Jail Tihar | 25/04/2014 | UBH/173/07.11.2013/38/10.10.2013/02.12.2013 | 499.00 | 883.092 CLA | B-529173 | 1 | 499.00 | English Books | ||||
| V.2 | Non-fiction | Central Library | Central Library | 25/04/2014 | UBH/173/07.11.2013/38/10.10.2013/02.12.2013 | 499.00 | 883.092 CLA | B-529168 | 1 | 499.00 | English Books | Legal Case (Register 2018) | |||
| V.2 | Non-fiction | Janak Puri | Janak Puri | 25/04/2014 | UBH/173/07.11.2013/38/10.10.2013/02.12.2013 | 499.00 | 883.092 CLA | B-529174 | 1 | 499.00 | English Books | ||||
| V.2 | Non-fiction | Kasturba Gandhi Marg | Kasturba Gandhi Marg | 25/04/2014 | UBH/173/07.11.2013/38/10.10.2013/02.12.2013 | 499.00 | 883.092 CLA | B-529170 | 1 | 499.00 | English Books | ||||
| V.2 | Non-fiction | Patel Nagar | Patel Nagar | 25/04/2014 | UBH/173/07.11.2013/38/10.10.2013/02.12.2013 | 499.00 | 883.092 CLA | B-529169 | 1 | 499.00 | English Books | ||||
| V.2 | Non-fiction | Peshwa Road | Peshwa Road | 25/04/2014 | UBH/173/07.11.2013/38/10.10.2013/02.12.2013 | 499.00 | 883.092 CLA | B-529171 | 1 | 499.00 | English Books | ||||
| V.2 | Non-fiction | Tri Nagar | Tri Nagar | 25/04/2014 | UBH/173/07.11.2013/38/10.10.2013/02.12.2013 | 499.00 | 883.092 CLA | B-529172 | 1 | 499.00 | English Books |
